Formule 1 - Classement pilotes 2022 - Statistiques

Statistiques générales
  • Ce quiz a été pris 421 fois
    74 depuis la dernière actualisation
  • Le résultat moyen est 15 sur 22
Statistiques - réponses
Rang Pilotes % Correct
2 Charles Leclerc
100%
1 Max Verstappen
100%
3 Sergio Perez
95%
5 Carlos Sainz
87%
4 George Russell
84%
6 Lewis Hamilton
84%
7 Lando Norris
80%
8 Esteban Ocon
70%
14 Pierre Gasly
70%
9 Fernando Alonso
69%
17 Yuki Tsunoda
67%
15 Lance Stroll
66%
12 Daniel Ricciardo
61%
19 Alexander Albon
59%
11 Sebastien Vettel
59%
10 Valtteri Bottas
59%
13 Kevin Magnussen
56%
16 Mick Schumacher
52%
18 Guanyu Zhou
51%
22 Nico Hulkenberg
51%
21 Nicholas Latifi
49%
20 Nyck de Vries
38%
Aucun quiz correspondant
Distribution des résultats
% des personnes avec chaque résultat
Percentile par nombre de réponses
Votre historique - résultats
Vous n’avez pas pris ce quiz depuis la dernière actualisation